000 00432nam a2200181Ia 4500
999 _c40353
_d40353
003 0100
005 20181113094235.0
008 130303s9999 xx 000 0 und d
040 _cARRUPELIB
050 _aPR9898.G29P31965
100 _aPeters, Lenrie
_943383
245 4 _aThe second round
_cLenrie Peters
260 _aLondon
_bHeinemann Educational Books Limited
_c1966
300 _a192p. ;
_c19cm.
440 _aAfrican writers series
_93197
942 _2lcc
_cMONOGRAPH